[Event "Prague Metro"]
[Site "Prague"]
[Date "1990.??.??"]
[Round "11"]
[White "Freisler, Pavel"]
[Black "Mozny, Milos"]
[Result "1/2-1/2"]
[WhiteElo "2270"]
[BlackElo "2375"]

1.Nf3 d5 2.c4 dxc4 3.e3 c5 4.Bxc4 e6 5.O-O Nf6 6.d4 Nc6 7.Nc3 Bd7 8.a3 a6
9.dxc5 Bxc5 10.b4 Be7 11.Bb2 O-O 12.Qb3 Rc8 13.Rfd1 Qc7 14.Be2 e5 15.e4 Be6
16.Nd5 Nxe4 17.Nxe7+ Qxe7 18.Qe3 Bf5 19.Bd3 Nd6 20.Nxe5 Rfe8 21.Bxf5 Nxf5
22.Qf4 Nxe5 23.Qxf5 Nc4 24.Bd4 Nxa3 25.Qg4 f5 26.Qxf5 Nc2 27.Qd5+ Qe6 28.Qxe6+ Rxe6
29.Rab1 Rc4 30.Bc5 a5 31.Rd8+ Kf7 32.Rd7+ Kf6 33.Rxb7 axb4 34.Bf8 g5 35.h3 Ree4
36.Kf1 Ke6 37.Rxh7 Kd5 38.Rb7 Kc6 39.Rb8 Na3 40.Rc8+ Kb5  1/2-1/2

[Event "CRO-Cup"]
[Site "Pula"]
[Date "1990.??.??"]
[Round "?"]
[White "Dizdarevic, Emir"]
[Black "Vujosevic, Vladimir"]
[Result "1-0"]
[WhiteElo "2475"]
[BlackElo "2340"]

1.Nf3 d5 2.c4 e6 3.g3 Nf6 4.Bg2 dxc4 5.Ne5 Qd4 6.f4 Nbd7 7.Qa4 Rb8 8.Qxc4 Qd6
9.d4 c5 10.Be3 b5 11.Qd3 c4 12.Qc2 Bb7 13.Bxb7 Rxb7 14.O-O Be7 15.a4 a6 16.axb5 axb5
17.b3 Nd5 18.Bf2 Nb4 19.Qc1 Nxe5 20.Ra8+ Bd8 21.dxe5 Qc7 22.bxc4 bxc4 23.Nd2 O-O
24.Qxc4 Be7 25.Rxf8+ Bxf8 26.Ra1 Qxc4 27.Nxc4 f6 28.Ra8 Kf7 29.exf6 gxf6
30.Rc8 Nd5 31.Kg2 Rc7 32.Rxc7+ Nxc7 33.g4 Nb5 34.Kf3 Nd6 35.Nd2 Nb5 36.Ne4 h6
37.Ng3 Bd6 38.h4 Bc7 39.Bc5 Bb8 40.e4 Bc7 41.Nh5 Ba5 42.Bf2 Bc7 43.f5 exf5
44.gxf5 Bd6 45.Be3 Bf8 46.Nf4 Nd6 47.Ne6 Bg7 48.Bf4 Nc4 49.h5 Nb6 50.Ke3 Nd7
51.Bd6  1-0

[Event "CRO-Cup"]
[Site "Pula"]
[Date "1990.??.??"]
[Round "?"]
[White "Rukavina, Josip"]
[Black "Kovacevic, Vlatko"]
[Result "1/2-1/2"]
[WhiteElo "2440"]
[BlackElo "2540"]

1.Nf3 d5 2.c4 e6 3.d4 Nf6 4.Nc3 Bb4 5.cxd5 exd5 6.Bg5 h6 7.Bh4 g5 8.Bg3 Ne4
9.Qb3 Bxc3+ 10.bxc3 h5 11.h4 Nxg3 12.fxg3 g4 13.Ne5 Qd6 14.Qb4  1/2-1/2

[Event "Pula op"]
[Site "Pula"]
[Date "1990.??.??"]
[Round "2"]
[White "Arsovic, Goran"]
[Black "Giorgadze, Giorgi"]
[Result "0-1"]
[WhiteElo "2270"]
[BlackElo "2485"]

1.Nf3 d5 2.c4 e6 3.d4 Nf6 4.Nc3 Bb4 5.Bg5 h6 6.Bxf6 Qxf6 7.e3 O-O 8.Rc1 Qd8
9.a3 Be7 10.Bd3 c6 11.O-O Nd7 12.e4 dxe4 13.Nxe4 Nf6 14.Nxf6+ Bxf6 15.Qe2 g6
16.Rfd1 Bg7 17.Bb1 Qf6 18.c5 Rd8 19.Ne5 Bd7 20.Be4 Be8 21.Qe3 h5 22.g3 Rac8
23.h4 Rc7 24.Kg2 Qe7 25.Rd3 Qf8 26.Rcd1 Bf6 27.R1d2 Qg7 28.f4 Be7 29.Rc3 Bf8
30.Bc2 b6 31.b4 Rb8 32.Bb3 Qf6 33.Rdc2 bxc5 34.dxc5 a5 35.Qe4 axb4 36.axb4 Qf5
37.Qxf5 gxf5 38.Rc4 f6 39.Nf3 Bf7 40.Rd4 Ra7 41.Ra2 Rab7 42.Re2 Bxc5 43.Rd3 Rxb4
44.Bxe6 Rb2 45.Bxf7+ Kxf7 46.Rd7+ Kf8 47.Rdd2 Rxd2 48.Rxd2 Ke7 49.Ne1 Rb1
50.Nd3 Bd4  0-1

[Event "Reykjavik op"]
[Site "Reykjavik"]
[Date "1990.??.??"]
[Round "1"]
[White "Wojtkiewicz, Aleksander"]
[Black "Lamm, Steffen"]
[Result "1-0"]
[WhiteElo "2550"]
[BlackElo "2280"]

1.Nf3 d5 2.c4 c6 3.d4 Nf6 4.Qb3 e6 5.g3 Be7 6.Bg2 O-O 7.O-O Nbd7 8.Rd1 Qb6
9.Qc2 c5 10.Nc3 dxc4 11.dxc5 Qxc5 12.Be3 Qa5 13.Nd2 Ng4 14.Bd4 Qh5 15.h3 Nge5
16.Be3 Bc5 17.Bxc5 Nxc5 18.Nce4 Nxe4 19.Qxe4 Nc6 20.Nxc4 e5 21.g4 Qg5 22.Nd6 h5
23.Nxc8 Raxc8 24.Rd7 Na5 25.b3 Rfd8 26.Rad1 Nc6 27.e3 hxg4 28.Qxg4 Qf6  1-0

[Event "Sankt Augustin"]
[Site "Sankt Augustin"]
[Date "1990.??.??"]
[Round "2"]
[White "Erdelyi, Tamas"]
[Black "Kaeser, Udo"]
[Result "1/2-1/2"]
[WhiteElo "2365"]
[BlackElo "2270"]

1.Nf3 d5 2.c4 e6 3.g3 c6 4.b3 f5 5.Bg2 Nf6 6.O-O Bd6 7.d4 Qe7 8.Bf4 Bxf4
9.gxf4 O-O 10.Ne5 Bd7 11.Qd3 Be8 12.Nc3 Kh8 13.c5 Rg8 14.b4 Nh5 15.Qe3 Nd7
16.Nxd7 Bxd7 17.Qe5 Qh4 18.e3 Raf8 19.f3 Rf6 20.Rf2 g5 21.fxg5 Rxg5 22.Ne2 f4
23.Qb8+ Rg8 24.Qe5 Rg5 25.Qb8+ Rg8  1/2-1/2

[Event "Sankt Augustin"]
[Site "Sankt Augustin"]
[Date "1990.??.??"]
[Round "10"]
[White "Meyer, Peter"]
[Black "Tischbierek, Raj"]
[Result "1/2-1/2"]
[WhiteElo "2330"]
[BlackElo "2440"]

1.Nf3 d5 2.c4 e6 3.d4 Nf6 4.g3 Bb4+ 5.Nbd2 O-O 6.Bg2 c5 7.cxd5 cxd4 8.Nxd4 Nxd5
9.O-O Nc6 10.Nxc6 bxc6 11.Qc2 Be7 12.Rd1 Ba6 13.Nc4 Qb8 14.e4 Rc8 15.Qb3 Nb6
16.Nxb6 Qxb6 17.Be3 c5 18.Rd7 Bf8 19.Qc2 Bb5 20.Rd2 a5  1/2-1/2

[Event "Wch Girls U20"]
[Site "Santiago"]
[Date "1990.??.??"]
[Round "?"]
[White "Regan, Natasha"]
[Black "Botsari Miladinovic, Anna Maria"]
[Result "0-1"]
[WhiteElo "2010"]
[BlackElo "2255"]

1.Nf3 d5 2.c4 e6 3.g3 Nf6 4.Bg2 Be7 5.O-O O-O 6.d4 dxc4 7.Qc2 a6 8.Qxc4 b5
9.Qc2 Bb7 10.Bd2 Nbd7 11.Ba5 Rc8 12.Nbd2 Qe8 13.Rac1 c5 14.Qb1 cxd4 15.Nxd4 Bxg2
16.Kxg2 Nc5 17.N2f3 Qd7 18.Rfd1 Qb7 19.Kg1 Nfe4 20.Bb4 Rfe8 21.a3 Bf8 22.Rc2 Qb6
23.e3 e5 24.Bxc5 Nxc5 25.b4 exd4 26.bxc5 Bxc5 27.exd4 Bxa3 28.Rcd2 Bf8 29.Ne5 Qe6
30.Nd3 Qc4 31.Nf4 Bd6 32.d5 Bxf4 33.Rd4 Qxd4  0-1

[Event "GRE-ch"]
[Site "Serres"]
[Date "1990.??.??"]
[Round "9"]
[White "Lagopatis, Nikolaos"]
[Black "Gavrilakis, Nikolaos"]
[Result "0-1"]
[WhiteElo "2235"]
[BlackElo "2390"]

1.Nf3 d5 2.c4 e6 3.g3 c5 4.Bg2 Nc6 5.O-O Nf6 6.b3 Be7 7.Bb2 d4 8.e3 O-O 9.exd4 cxd4
10.d3 Ne8 11.Re1 Nc7 12.Na3 f6 13.Nc2 e5 14.a3 a5 15.Rb1 Bg4 16.h3 Bh5 17.Qd2 Qd7
18.Kh2 b5 19.Qe2 Bd6 20.Kg1 Bf7 21.Rec1 bxc4 22.bxc4 Na6 23.Nd2 f5 24.Ba1 Nc5
25.Nb3 Na4 26.Nd2 Bc7 27.Rb5 Rae8 28.Bd5 Nb6 29.Bxf7+ Qxf7 30.Re1 Nd7 31.Rb7 Nc5
32.Rb5 Bd6 33.Nb3 Nd7 34.Nxa5 Nxa5 35.Rxa5 Nc5 36.Qd1 e4 37.dxe4 d3 38.Nb4 fxe4
39.Bd4 Qxc4 40.Be3 Ra8 41.Rxa8 Rxa8 42.Qg4 Qe6 43.Qg5 h6 44.Qh5 Nb3 45.Nd5 Ra5
46.Nf6+ Qxf6 47.Qe8+ Kh7 48.Qxe4+ Qg6 49.Qc4 Bxg3 50.Qxb3 Bxf2+ 51.Kxf2 Rf5+
52.Bf4 Rxf4+ 53.Ke3 Qe4+ 54.Kd2 Rf2+ 55.Kd1 Qf3+  0-1

[Event "URS Army-chT"]
[Site "Simferopol"]
[Date "1990.??.??"]
[Round "?"]
[White "Cherniak, L."]
[Black "Vidoniak, Roman"]
[Result "1-0"]
[WhiteElo "2330"]
[BlackElo "2280"]

1.Nf3 d5 2.c4 e6 3.d4 c6 4.Qc2 f5 5.g3 Nf6 6.Bg2 Bd6 7.O-O O-O 8.b3 Qe7 9.Nc3 Bd7
10.Na4 Be8 11.Nb2 Bh5 12.Nd3 Nbd7 13.Nfe5 Ng4 14.Nxd7 Qxd7 15.Bf4 Bxf4 16.Nxf4 Nf6
17.b4 g5 18.Nd3 Qe7 19.e3 Nd7 20.a4 Rac8 21.Rfc1 Bg6 22.Qd2 Kh8 23.b5 f4
24.bxc6 bxc6 25.exf4 Bxd3 26.Qxd3 gxf4 27.Re1 Qf6 28.Ra2 Nb6 29.Rae2 dxc4
30.Qc2 f3 31.Rxe6 Qf5 32.Qxf5 Rxf5 33.Bh3 Rf7 34.Rc1 a5 35.d5 Nxd5 36.Rxc4 Nb4
37.Bg4 Rd8 38.Re1 Rd6 39.Rc3 Rd3 40.Rxd3 Nxd3 41.Re3 Rb7 42.Bxf3 Rb1+ 43.Kg2 Ne1+
44.Kh3 Nxf3 45.Rxf3 Rb4 46.Rc3 Rxa4 47.Rxc6 Ra1 48.Rc7 a4 49.Ra7 a3 50.Kg4 Rh1
51.h4 Rf1 52.Kf3 Ra1 53.Kg2 Kg8 54.g4 h5 55.g5 a2 56.f4 Kf8 57.f5 Rb1 58.Rxa2 Rb4
59.Kg3 Rb3+ 60.Kf4 Rb4+ 61.Ke5 Rb5+ 62.Ke6 Rb6+ 63.Kd7 Rb7+ 64.Kd6  1-0

[Event "URS Army-chT"]
[Site "Simferopol"]
[Date "1990.??.??"]
[Round "?"]
[White "Makarov, Marat"]
[Black "Moskalenko, Viktor"]
[Result "1/2-1/2"]
[WhiteElo "2480"]
[BlackElo "2515"]

1.Nf3 d5 2.c4 c6 3.e3 Nf6 4.Nc3 Bg4 5.cxd5 Bxf3 6.Qxf3 cxd5 7.Bb5+ Nc6 8.b3 e6
9.Bb2 Be7 10.O-O Rc8 11.Rfc1 O-O 12.Na4 Qa5 13.Bxc6 Rxc6 14.Rxc6 bxc6 15.d3 Rc8
16.Qd1 Nd7 17.Bc3 Qa6 18.h3  1/2-1/2

[Event "Sochi"]
[Site "Sochi"]
[Date "1990.??.??"]
[Round "?"]
[White "Panchenko, Alexander N"]
[Black "Bykhovsky, Avigdor"]
[Result "1/2-1/2"]
[WhiteElo "2430"]
[BlackElo "2480"]

1.Nf3 d5 2.c4 e6 3.d4 Nf6 4.Nc3 dxc4 5.e3 a6 6.a4 c5 7.Bxc4 Nc6 8.O-O Be7
9.Qe2 cxd4 10.Rd1 e5 11.exd4 exd4 12.Nxd4 Nxd4 13.Qe3 O-O 14.Qxd4 Qxd4 15.Rxd4  1/2-1/2

[Event "Sochi"]
[Site "Sochi"]
[Date "1990.??.??"]
[Round "?"]
[White "Panchenko, Alexander N"]
[Black "Ruban, Vadim"]
[Result "0-1"]
[WhiteElo "2430"]
[BlackElo "2555"]

1.Nf3 d5 2.c4 d4 3.e3 c5 4.exd4 cxd4 5.d3 Nc6 6.g3 e5 7.Bg2 Bd6 8.O-O Nge7
9.Re1 O-O 10.Nbd2 Ng6 11.a3 a5 12.b3 Re8 13.Qc2 Bf8 14.Rb1 Be6 15.c5 Bd5
16.b4 axb4 17.axb4 b5 18.h4 Ra4 19.h5 Nh8 20.Qd1 Rxb4 21.Rxb4 Nxb4 22.Rxe5 Rxe5
23.Nxe5 Bxg2 24.Kxg2 Qd5+ 25.Ndf3 f6 26.Ng4 Nf7 27.h6 f5 28.Nh2 g6 29.Qe2 Qxc5  0-1

[Event "JUG-Cup"]
[Site "Svetozarevo"]
[Date "1990.??.??"]
[Round "?"]
[White "Novoselski, Zoran"]
[Black "Karaklajic, Nikola"]
[Result "1/2-1/2"]
[WhiteElo "2370"]
[BlackElo "2375"]

1.Nf3 d5 2.c4 e6 3.g3 dxc4 4.Bg2 Nf6 5.O-O Nbd7 6.Qa4 a6 7.Qxc4 b5 8.Qc2 Bb7
9.d4 c5 10.dxc5 Bxc5 11.Nbd2 Rc8 12.Qb1 Qb6 13.h3  1/2-1/2

[Event "SWZ-GP"]
[Site "?"]
[Date "1990.??.??"]
[Round "6"]
[White "Dizdarevic, Emir"]
[Black "Mascarinas, Rico"]
[Result "0-1"]
[WhiteElo "2475"]
[BlackElo "2470"]

1.Nf3 d5 2.c4 c6 3.d4 Nf6 4.Qc2 g6 5.Bf4 Bg7 6.e3 O-O 7.Nc3 Na6 8.cxd5 Nb4
9.Qd2 Nbxd5 10.Be5 Bh6 11.Be2 b5 12.O-O Be6 13.Rfc1 Qb6 14.Nxd5 Bxd5 15.a4 Ne4
16.Qb4 bxa4 17.Qxe7 f6 18.Bg3 Qxb2 19.Bc4 Bxc4 20.Qxe4 Qb5 21.Nd2 Bd5 22.Qc2 Rfe8
23.Nc4 Bf8 24.Rxa4 a5 25.Rca1 Bb4 26.Nb2 Kg7 27.Rc1 Rac8 28.Raa1 c5 29.Qd1 c4
30.Na4 c3 31.h4 c2 32.Rxc2 Bb3 33.Rc7+ Rxc7 34.Qxb3 Qc4 35.Qd1 Rc6 36.d5 Rd8
37.d6 Bxd6 38.Nb2 Qb5  0-1

[Event "Tarrassa"]
[Site "Tarrassa"]
[Date "1990.??.??"]
[Round "3"]
[White "Pomes Marcet, Juan"]
[Black "Magem Badals, Jorge"]
[Result "1/2-1/2"]
[WhiteElo "2420"]
[BlackElo "2460"]

1.Nf3 d5 2.c4 e6 3.b3 Nf6 4.Bb2 a5 5.Nc3 c6 6.e3 Bd6 7.d4 O-O 8.Be2 Nbd7
9.O-O Qe7 10.Qc2 dxc4 11.bxc4 e5 12.Rfe1 Re8 13.Rad1 h6 14.Nd2 exd4 15.exd4 Nf8
16.h3 N8h7 17.Nf3 Ng5 18.Nxg5 hxg5 19.Kf1 Qc7 20.Bd3 Bd7 21.Bf5 g4 22.Ne4 Nxe4
23.Rxe4 Bxf5 24.Rxe8+ Rxe8 25.Qxf5 gxh3 26.Qxh3 Qe7 27.Qf3 Qh4 28.g3 Qh3+
29.Kg1 Re6 30.d5 cxd5 31.cxd5 Rg6 32.Rd3 b5 33.Qe4 Qd7  1/2-1/2

[Event "Tastrup-B"]
[Site "Tastrup"]
[Date "1990.??.??"]
[Round "4"]
[White "Bang, Andreas"]
[Black "Bus, Mariusz"]
[Result "0-1"]
[WhiteElo "2345"]
[BlackElo "2335"]

1.Nf3 d5 2.c4 dxc4 3.Na3 c5 4.Nxc4 Nc6 5.e3 Nf6 6.Be2 e6 7.O-O Be7 8.Nfe5 Nxe5
9.Nxe5 O-O 10.f4 Nd7 11.b3 Nxe5 12.fxe5 Bd7 13.Bb2 Bc6 14.Bf3 Bxf3 15.Rxf3 Qd3
16.Qe1 Rad8 17.Bc3 b5 18.a3 Qg6 19.Qe2 a6 20.Raf1 f5 21.exf6 Bxf6 22.d4 Be7
23.Rg3 Rxf1+ 24.Qxf1 Qc2 25.Qe1 Bh4 26.Rxg7+ Kxg7 27.d5+ Kf7 28.Qxh4 Qxc3
29.Qxh7+ Kf8 30.Qh6+ Qg7 31.Qxe6 Rd7 32.h4 Re7 33.Qc8+ Re8 34.Qxa6 Rxe3 35.Qc8+ Re8
36.Qxc5+ Kg8 37.d6 Re1+ 38.Kh2 Qe5+ 39.Qxe5 Rxe5  0-1

[Event "Toulouse op"]
[Site "Toulouse"]
[Date "1990.??.??"]
[Round "4"]
[White "Wells, Peter K"]
[Black "Sonntag, Hans Hubert"]
[Result "1-0"]
[WhiteElo "2410"]
[BlackElo "2370"]

1.Nf3 d5 2.c4 e6 3.d4 Nf6 4.Nc3 Be7 5.Bg5 Nbd7 6.e3 O-O 7.cxd5 Nxd5 8.Bxe7 Qxe7
9.Bd3 Nxc3 10.bxc3 Rd8 11.Qc2 Nf8 12.O-O c5 13.Be4 Qc7 14.Qa4 Bd7 15.Qa3 Rdc8
16.Ne5 Bb5 17.Rab1 Ba6 18.Rfd1 Ng6 19.Nxg6 hxg6 20.dxc5 Qxc5 21.Rd8+  1-0

[Event "Toulouse op"]
[Site "Toulouse"]
[Date "1990.??.??"]
[Round "5"]
[White "Danailov, Silvio"]
[Black "Pytel, Bozena"]
[Result "1-0"]
[WhiteElo "2380"]
[BlackElo "2085"]

1.Nf3 d5 2.c4 c6 3.Qa4 e6 4.g3 Nf6 5.Bg2 Nbd7 6.cxd5 Nb6 7.Qb3 Nbxd5 8.O-O Bd6
9.d4 O-O 10.Nbd2 Bc7 11.e4 Ne7 12.e5 Nfd5 13.Ne4 f5 14.exf6 Nxf6 15.Nc5 Qd5
16.Qc2 Qf5 17.Qc4 Nfd5 18.Ng5 Qf6 19.Bd2 Nf5 20.Rae1 Qxd4 21.Qc1 Re8 22.Ncxe6 Bxe6
23.Nxe6 Rxe6 24.Rxe6 Bb6 25.Qe1 Rf8 26.Re8 Qxb2 27.Qe6+  1-0

[Event "Toulouse op"]
[Site "Toulouse"]
[Date "1990.??.??"]
[Round "7"]
[White "Spiridonov, Nikola"]
[Black "Lalic, Susan"]
[Result "1-0"]
[WhiteElo "2405"]
[BlackElo "2270"]

1.Nf3 d5 2.c4 e6 3.g3 c5 4.cxd5 exd5 5.d4 Nc6 6.Bg2 Nf6 7.O-O Be7 8.dxc5 Bxc5
9.Bg5 Be7 10.Nc3 d4 11.Nb5 h6 12.Bf4 g5 13.Bc1 Bc5 14.b4 Bxb4 15.Bb2 O-O
16.Nfxd4 Nxd4 17.Qxd4 Qxd4 18.Bxd4 Ne8 19.Nxa7 Nd6 20.Rfb1 Ba3 21.Rb3 Nf5
22.Bb6 Be7 23.Nxc8 Raxc8 24.Bh3  1-0

[Event "Toulouse op"]
[Site "Toulouse"]
[Date "1990.??.??"]
[Round "9"]
[White "Salaun, Yann"]
[Black "Pytel, Bozena"]
[Result "1-0"]
[WhiteElo "2215"]
[BlackElo "2085"]

1.Nf3 d5 2.c4 c6 3.d4 Nf6 4.Nc3 e6 5.Bg5 Nbd7 6.e3 Qa5 7.cxd5 exd5 8.Nd2 Ne4
9.Ndxe4 dxe4 10.Bh4 Bb4 11.Qc2 O-O 12.Be2 f5 13.Bc4+ Kh8 14.O-O Nf6 15.a3 Bd6
16.Ne2 Bd7 17.Bg3 Bxg3 18.Nxg3 Rac8 19.b4 Qc7 20.Ne2 Ng4 21.Nf4 Rf6 22.h3 Nh6
23.Qc3 Ng8 24.Rac1 Ne7 25.Bb3 Qd6 26.Qc5 g5 27.Nh5 Rh6 28.Ng3 b6 29.Qc3 Nd5
30.Bxd5 Qxd5 31.Qc4 f4 32.Qxd5 cxd5 33.Rxc8+ Bxc8 34.Rc1 Ba6 35.b5 fxg3 36.bxa6 gxf2+
37.Kxf2 Rf6+ 38.Kg3 Kg7 39.Rc7+ Rf7 40.Rb7 Kg6 41.h4 gxh4+ 42.Kxh4 Rf6 43.Rxa7 b5
44.Ra8 Kg7 45.g4 Rc6 46.Kg5 h6+ 47.Kf5 Rc3 48.Rb8 Rxa3 49.Rb7+ Kf8 50.a7 b4
51.Rb8+ Ke7 52.a8=Q  1-0

[Event "Vienna op"]
[Site "Vienna"]
[Date "1990.??.??"]
[Round "3"]
[White "Plachetka, Jan"]
[Black "Polak, Tomas"]
[Result "1/2-1/2"]
[WhiteElo "2425"]
[BlackElo "2355"]

1.Nf3 d5 2.c4 c6 3.b3 Nf6 4.Bb2 Bg4 5.e3 Nbd7 6.Be2 e6 7.O-O Be7 8.Nc3 O-O
9.d3 h6 10.cxd5 Nxd5 11.Nxd5 exd5 12.Nd4 Bxe2 13.Qxe2 Bf6 14.Rac1 Re8 15.b4 Qb6
16.Nf5 a5 17.Bxf6 Nxf6 18.bxa5 Rxa5 19.Rb1 Qc7 20.Qb2 Qe5 21.Qxe5 Rxe5 22.Nd6 b5
23.Rfc1 Re6 24.Rxc6 Kh7 25.Nb7 Rxa2 26.Rxe6 fxe6 27.h3 Ra3 28.Nc5 Rc3 29.Nxe6 Rxd3
30.Rxb5 Rd1+ 31.Kh2 Rd2 32.f3 Rd3 33.Rb7 Rxe3 34.Nxg7 Kg6 35.g4 Rxf3 36.Nf5 Kg5
37.Kg2 Ra3 38.Rg7+ Kf4 39.Rg6 Ra2+ 40.Kf1 Nxg4 41.hxg4 h5 42.Ne7 hxg4 43.Nxd5+ Kg3  1/2-1/2

[Event "Warsaw Legion op"]
[Site "Warsaw"]
[Date "1990.??.??"]
[Round "?"]
[White "Danailov, Silvio"]
[Black "Bernard, Ryszard"]
[Result "1-0"]
[WhiteElo "2380"]
[BlackElo "2340"]

1.Nf3 d5 2.c4 dxc4 3.Na3 a6 4.Nxc4 b5 5.Ne3 Bb7 6.g3 Nd7 7.Bg2 Ngf6 8.O-O e6
9.b3 c5 10.Bb2 Be7 11.Rc1 O-O 12.Rc2 Rc8 13.Qa1 Qb6 14.Rfc1 Qa7 15.d3 Rfd8
16.h3 h6 17.Ng4 Nxg4 18.hxg4 Nf6 19.g5 hxg5 20.Nxg5 Bxg2 21.Kxg2 Qb7+ 22.Nf3 Ne8
23.Rh1 Bf6 24.Bxf6 Nxf6 25.Rh4 Kf8 26.Qc1 Qd5 27.Rd4 cxd4 28.Rxc8 Ke7 29.Rxd8 Kxd8
30.Qf4 Kd7 31.Qb8 Ng4 32.Qf8 Ne5 33.Qxg7 Nxf3 34.Qxf7+ Kc8 35.Qxf3 Qd6 36.g4 Qa3
37.Qc6+ Kb8 38.Qxe6 Qxa2 39.g5 Qd2 40.Qe5+ Kb7 41.g6 Qh6 42.g7 Qg6+ 43.Kf1 Qf7
44.Qg3 Qg8 45.Qf3+  1-0

[Event "Warsaw Legion op"]
[Site "Warsaw"]
[Date "1990.??.??"]
[Round "?"]
[White "Stern, Rene"]
[Black "Drzemicki, Dariusz"]
[Result "0-1"]
[WhiteElo "2320"]
[BlackElo "2290"]

1.Nf3 d5 2.c4 e6 3.g3 Nf6 4.Bg2 Be7 5.O-O O-O 6.d4 dxc4 7.Qc2 a6 8.a4 c5
9.dxc5 Bxc5 10.Nbd2 Nc6 11.Nxc4 Qe7 12.Nce5 Nb4 13.Qb3 b6 14.Bg5 Bb7 15.Ng4 Rac8
16.Ne1 Bxg2 17.Nxg2 Nbd5 18.Qf3 h6 19.Bh4 Kh7 20.e4 g5 21.exd5 Nxd5 22.Rae1 Kg7
23.N2e3 Nxe3 24.Nxe3 Qf6 25.Qxf6+ Kxf6 26.Ng4+ Kg7 27.Bxg5 hxg5 28.Rd1 Rfd8
29.Kg2 Rd4 30.Kf3 Rxa4 31.Rc1 Rd8 32.Rfd1 Rad4 33.Rxd4 Rxd4 34.Rc2 Rb4 35.Ne3 Rb3
36.Ke4 f5+ 37.Ke5 Bxe3 38.fxe3 Rxe3+ 39.Kd6 Kf6 40.Kd7 f4 41.gxf4 gxf4 42.Kc6 Rb3  0-1

[Event "Warsaw Legion op"]
[Site "Warsaw"]
[Date "1990.??.??"]
[Round "?"]
[White "Danailov, Silvio"]
[Black "Mannke, Manfred"]
[Result "1-0"]
[WhiteElo "2380"]
[BlackElo "2235"]

1.Nf3 d5 2.c4 e6 3.d4 Nf6 4.g3 c6 5.Qc2 Bd6 6.Bg2 O-O 7.O-O Nbd7 8.Nbd2 Qe7
9.e4 Nxe4 10.Nxe4 dxe4 11.Qxe4 e5 12.Qc2 e4 13.Ng5 f5 14.c5 Bb8 15.f3 h6
16.Qb3+ Kh8 17.Ne6 Re8 18.Nf4 Nf8 19.fxe4 fxe4 20.Be3 Bf5 21.Rae1 Bh7 22.d5 Bxf4
23.Rxf4 cxd5 24.Qxd5 Rad8 25.Qc4 Ng6 26.Rf7 Qe5 27.Rxb7  1-0

[Event "Warsaw"]
[Site "Warsaw"]
[Date "1990.??.??"]
[Round "2"]
[White "Filipowicz, Andrzej"]
[Black "Balashov, Yuri S"]
[Result "0-1"]
[WhiteElo "2385"]
[BlackElo "2535"]

1.Nf3 d5 2.c4 d4 3.e3 Nc6 4.exd4 Nxd4 5.Nxd4 Qxd4 6.Nc3 e5 7.Be2 Ne7 8.O-O c6
9.d3 Nf5 10.g4 Nh4 11.Be3 Qd8 12.d4 h5 13.dxe5 Qxd1 14.Raxd1 Bxg4 15.Bxg4 hxg4
16.Bf4 Rh5 17.Bg3 Nf3+ 18.Kg2 Be7 19.Rd3 Nxe5 20.Rd4 Rd8 21.Bxe5 Rxe5 22.Rxg4 Kf8
23.Rd1 Rxd1 24.Nxd1 Bf6 25.Kf1 Rh5 26.Kg2 Be5 27.f4 Bc7 28.Nf2 Rh6 29.Nd3 Rd6
30.Rg3 Rd4 31.b3 Bxf4 32.Nxf4 Rxf4 33.Rd3 Ke7 34.Re3+ Kd7 35.Rd3+ Kc7 36.Re3 b5
37.Re7+ Kb6 38.cxb5 cxb5 39.Kg3 Rf6 40.b4 a6 41.h4 g6 42.Rd7 Kc6 43.Ra7 Kd5
44.Rc7 Kd4 45.Kg2 Ke4 46.Kg3 Rf3+ 47.Kg2 Ra3 48.Rxf7 Rxa2+ 49.Kg3 Ke5 50.Re7+ Kf6
51.Re3 Ra4 52.Rf3+ Kg7 53.Rf4 Kh6 54.Rg4 Ra3+ 55.Kg2 Rd3 56.Kf2 Rd5 57.Re4 Kh5
58.Re6 Rd4 59.Rxa6 Rxh4 60.Rd6 Rxb4 61.Kg3 g5 62.Rd3 Rc4 63.Rd8 Rc3+ 64.Kg2 b4  0-1

[Event "EU-ch U20"]
[Site "Aalborg"]
[Date "1991.??.??"]
[Round "?"]
[White "Pedersen, Steffen"]
[Black "Christensen, Tobias"]
[Result "0-1"]
[WhiteElo "2280"]
[BlackElo "2300"]

1.Nf3 d5 2.c4 dxc4 3.Na3 c5 4.Nxc4 Nc6 5.b3 f6 6.Bb2 e5 7.g3 Nge7 8.Bg2 Nf5
9.O-O Be7 10.Ne1 Be6 11.f4 exf4 12.Rxf4 Qd7 13.Rc1 O-O 14.Nd3 Rac8 15.Rf2 Rfd8
16.Nf4 Bxc4 17.bxc4 Ne3 18.Bd5+ Qxd5 19.Nxd5 Nxd1 20.Rxd1 Bd6 21.d3 Ne7 22.Nc3 Be5
23.e3 Rd7 24.Nb5 a6 25.Nc3 b5 26.cxb5 Bxc3 27.Bxc3 Nd5 28.Rc1 axb5 29.Rb2 Nxe3
30.Rxb5 Rxd3 31.Ba5 c4 32.Bb6 Nd5 33.a4 Nc3  0-1

[Event "Acasusso op"]
[Site "Acasusso"]
[Date "1991.??.??"]
[Round "4"]
[White "Fiorito, Fabian"]
[Black "Perez Pietronave, Carlos"]
[Result "1-0"]
[WhiteElo "2435"]
[BlackElo "2280"]

1.Nf3 d5 2.c4 dxc4 3.e3 Be6 4.Nc3 Nf6 5.Ng5 Bd5 6.e4 Bc6 7.Bxc4 e6 8.d3 Nbd7
9.Bxe6 fxe6 10.Nxe6 Qc8 11.Bf4 Bd6 12.Bxd6 cxd6 13.Nxg7+ Kf7 14.Nf5 Qc7 15.Rc1 Rae8
16.O-O Qb8 17.b4 Nb6 18.a4 Bd7 19.Nd4 Rhg8 20.f4 Qd8 21.a5 Nc8 22.Qb3+ Kf8
23.Nf3 Be6 24.Qb2 Rg7 25.Rce1 Bg8 26.f5 Ng4 27.Qd2 Ne5 28.f6 Rg6 29.Nh4 Rg4
30.Qh6+ Kf7 31.d4 Nd3 32.Qh5+ Rg6 33.Nxg6 hxg6 34.Qh6 Rf8 35.Nd5 Ke8 36.Re3 Nxb4
37.Nxb4 Rxf6 38.Ref3 Rxf3 39.Rxf3 Qxa5 40.Qf8+ Kd7 41.Qxg8 Qa1+ 42.Rf1 Qxd4+
43.Kh1 Qxb4 44.Qxg6 a5 45.Qg4+ Kd8 46.Rf8+ Ke7 47.Qg7+  1-0

[Event "Acasusso op"]
[Site "Acasusso"]
[Date "1991.??.??"]
[Round "6"]
[White "Lida Garcia, Fernando"]
[Black "Benko, Francisco"]
[Result "1/2-1/2"]
[WhiteElo "2280"]
[BlackElo "2260"]

1.Nf3 d5 2.c4 c6 3.b3 Bf5 4.Bb2 e6 5.g3 Nf6 6.Bg2 Bc5 7.O-O O-O 8.d3 a5 9.a3 h6
10.Nbd2 Qe7 11.Re1 Rd8 12.Qc2 Bg6 13.Ne5 Bh7 14.Qc1 Nbd7 15.Ndf3 Bd6 16.Bc3 Nxe5
17.Bxe5 Bxe5 18.Nxe5 Nd7 19.Nxd7 Qxd7 20.Qb2 d4 21.c5 e5 22.b4 a4 23.Rec1 Bf5
24.b5 Be6 25.Qb4 Rdc8 26.Rab1 Bb3 27.b6 Be6 28.Qd2 Rf8 29.Rb4 Ra6 30.f4 f6
31.fxe5 fxe5 32.e3 Raa8 33.exd4 exd4 34.Qb2 Rfd8 35.Qc2 Bb3 36.Qf2 Qg4 37.Re1 Re8
38.Rxe8+ Rxe8 39.Rxd4 Qd1+ 40.Bf1 Bd5 41.Rf4 Qb3 42.Bg2 Bxg2 43.Kxg2 Qxd3
44.Qa2+ Qb3 45.Qxb3+ axb3 46.Rb4 Re2+ 47.Kh3 Rc2 48.Rxb3 Rxc5 49.Rd3 Rb5
50.Rd8+ Kh7 51.Rd4 Rxb6 52.Rd3 Rb2 53.g4 c5 54.Rc3 b6 55.Kg3 Kg6 56.h4 Kf6
57.Kf4 g5+ 58.hxg5+ hxg5+ 59.Ke4 Ke6 60.Rh3 Kf6 61.Rh6+ Kg7 62.Rc6 Rf2 63.Ke5 Rf4
64.Rxb6 Rxg4 65.Kf5 Ra4 66.Kxg5 Rxa3 67.Rb7+ Kf8 68.Rc7 Ra5 69.Kf6 Ke8 70.Ke6 Kd8
71.Rc6 Ra7  1/2-1/2

[Event "Anapa"]
[Site "Anapa"]
[Date "1991.??.??"]
[Round "?"]
[White "Poluljahov, Aleksandr"]
[Black "Chatalbashev, Boris"]
[Result "1/2-1/2"]
[WhiteElo "2380"]
[BlackElo "2390"]

1.Nf3 d5 2.c4 e6 3.d4 Nf6 4.g3 Nbd7 5.Bg2 dxc4 6.O-O Be7 7.Nbd2 Nb6 8.Qc2 c5
9.dxc5 Bxc5 10.Ne5 O-O 11.Ndxc4 Nxc4 12.Nxc4 Nd5 13.a3 Qe7 14.b4 Bd4 15.Bb2 Bxb2
16.Qxb2 Bd7 17.Rfd1 Bb5 18.Bxd5 exd5 19.Ne3 Rad8 20.Rd4 Qe5 21.Rad1 Rd6 22.Qa2 Qh5
23.a4 Ra6 24.Qxd5 Bxe2 25.Qxh5 Bxh5 26.g4 Bg6 27.Nd5 h5 28.b5 Ra5 29.Ne7+ Kh7
30.Nxg6 Kxg6 31.Rc1 hxg4 32.Rxg4+ Kf5 33.h3 b6 34.Rc7 g6 35.Kg2 a6 36.Rb4 axb5
37.Rxb5+ Rxb5 38.axb5 Ke5 39.Rb7 Kd5 40.Rxb6 Kc5 41.Rb7 f6 42.Kg3 g5 43.f3 Rh8
44.b6 Rh6 45.Rb8 Kc6 46.Kg2 Rh4 47.Re8 Rh6 48.Re6+ Kb7 49.Kg3 Ka6 50.Kf2 Kb7
51.Ke3 Rxh3 52.Rxf6 g4  1/2-1/2

[Event "Anapa"]
[Site "Anapa"]
[Date "1991.??.??"]
[Round "?"]
[White "Chatalbashev, Boris"]
[Black "Panbukchian, Valentin"]
[Result "1-0"]
[WhiteElo "2390"]
[BlackElo "2350"]

1.Nf3 d5 2.c4 c6 3.b3 Bg4 4.e3 e6 5.Bb2 Nd7 6.Be2 Ngf6 7.O-O Bd6 8.h3 Bh5
9.d3 O-O 10.Nbd2 a5 11.a3 Qb8 12.Rc1 h6 13.Nh4 Bxe2 14.Qxe2 Re8 15.e4 Bf4
16.Nhf3 dxe4 17.dxe4 e5 18.g3 Bxd2 19.Nxd2 Nc5 20.f4 Nfd7 21.Rcd1 Qd6 22.Qg4 Qe7
23.Nf3 Nf6 24.Qf5 Nfxe4 25.Rfe1 g6 26.Qxe5 Qxe5 27.Nxe5 Nxg3 28.Ng4 Rxe1+
29.Rxe1 f5 30.Nxh6+ Kf8 31.Kh2 Nh5 32.Rd1 Nxf4 33.Be5 Nfe6 34.Rg1 Rd8 35.Rxg6 Rd2+
36.Kg1 f4 37.b4 Ne4 38.Rxe6 Rd1+ 39.Kg2 Rd2+ 40.Kf1 Rf2+ 41.Ke1 Rf3 42.Nf5 Ng3
43.Nxg3 Rxg3 44.Bxf4 Rxa3 45.bxa5 Rxa5 46.Bd6+ Kf7 47.Re7+ Kf6 48.Rxb7 Rh5
49.Rb3 c5 50.Re3 Kf7 51.Kd2  1-0

[Event "Andorra op"]
[Site "Andorra"]
[Date "1991.??.??"]
[Round "?"]
[White "Monnard, Laurent"]
[Black "Sadler, Matthew"]
[Result "1/2-1/2"]
[WhiteElo "2285"]
[BlackElo "2440"]

1.Nf3 d5 2.c4 dxc4 3.Na3 c5 4.Nxc4 Nc6 5.Nce5 Nxe5 6.Nxe5 Nf6 7.e3 a6 8.b3 e6
9.Bb2 Be7 10.Qc2 Bd7 11.Be2 O-O 12.O-O Rc8 13.Rad1 Bb5 14.Nc4 Bc6 15.d4 Qd5
16.Bf3 Qg5 17.Bxc6 Rxc6 18.Qe2 cxd4 19.Bxd4 Rfc8 20.Ne5 R6c7 21.Qf3 b5 22.a4 h6
23.axb5 axb5 24.Ra1 Bd6 25.Nd3 e5 26.h4 Qxh4 27.Nxe5 Re8 28.Ra8 Re7 29.g3 Qe4
30.Qxe4 Nxe4 31.Rxe8+ Rxe8 32.Nf3 f6 33.Ra1 Rc8 34.Ra2 Bb4 35.Kf1  1/2-1/2